| 000 | 00388nam a22001577a 4500 | ||
|---|---|---|---|
| 020 | _a9788131725153 | ||
| 040 | _cNUST | ||
| 082 | _a658 HIT | ||
| 100 |
_aHitt, Michael A _9112295 |
||
| 110 |
_aPorter, Lyman W. Black, Stewart _9112296 |
||
| 245 | _aManagement | ||
| 250 | _a2nd Edition | ||
| 260 |
_aNew Delhi; _bPearson Education, _c2009. |
||
| 650 | _aManagement | ||
| 942 |
_2ddc _cBK |
||
| 999 |
_c594751 _d594751 |
||